OBJECTIVE QUESTIONS HUMAN BIOCHEMISTRY (Record no. 903)
[ view plain ]
| 000 -LEADER | |
|---|---|
| fixed length control field | 00328nam a2200121Ia 4500 |
| 008 - FIXED-LENGTH DATA ELEMENTS--GENERAL INFORMATION | |
| fixed length control field | 150201s2008 xx 000 0 und d |
| 082 ## - DEWEY DECIMAL CLASSIFICATION NUMBER | |
| Classification number | 612.015 |
| Item number | O08M |
| 100 ## - MAIN ENTRY--PERSONAL NAME | |
| Personal name | MAHAPATRA,S |
| 245 ## - TITLE STATEMENT | |
| Title | OBJECTIVE QUESTIONS HUMAN BIOCHEMISTRY |
| 260 ## - PUBLICATION, DISTRIBUTION, ETC. (IMPRINT) | |
| Name of publisher, distributor, etc. | NEW CENTRAL BOOK AGENCY |
| Place of publication, distribution, etc. | KOLKATA |
| Date of publication, distribution, etc. | 2008 |
| 650 ## - SUBJECT ADDED ENTRY--TOPICAL TERM | |
| Topical term or geographic name as entry element | BIOCHEMISTRY |
| 942 ## - ADDED ENTRY ELEMENTS (KOHA) | |
| Source of classification or shelving scheme | Dewey Decimal Classification |
| Koha item type | Books |
| Koha issues (borrowed), all copies | 2 |
| Withdrawn status | Lost status | Source of classification or shelving scheme | Damaged status | Not for loan | Collection code | Home library | Current library | Shelving location | Date acquired | Source of acquisition | Cost, normal purchase price | SGTU | Bill Number | Total Checkouts | Full call number | Barcode | Date last seen | Bill Date | Koha item type | Date last checked out |
|---|---|---|---|---|---|---|---|---|---|---|---|---|---|---|---|---|---|---|---|---|
| Dewey Decimal Classification | MEDICAL | SGT Medical Library | SGT Medical Library | Text Book | 27/02/2010 | U.B.S. DELHI | 125.00 | SGTU | 1008 | 612.015 O08M | FM3617 | 09/02/2015 | 27/02/2010 | Books | ||||||
| Dewey Decimal Classification | MEDICAL | SGT Medical Library | SGT Medical Library | Text Book | 27/02/2010 | U.B.S. DELHI | 125.00 | SGTU | 1008 | 612.015 O08M | FM3618 | 09/02/2015 | 27/02/2010 | Books | ||||||
| Dewey Decimal Classification | MEDICAL | SGT Medical Library | SGT Medical Library | Text Book | 27/02/2010 | U.B.S. DELHI | 125.00 | SGTU | 1008 | 1 | 612.015 O08M | FM3619 | 06/12/2024 | 27/02/2010 | Books | 04/12/2024 | ||||
| Dewey Decimal Classification | MEDICAL | SGT Medical Library | SGT Medical Library | Text Book | 27/02/2010 | U.B.S. DELHI | 125.00 | SGTU | 1008 | 2 | 612.015 O08M | FM3620 | 06/12/2024 | 27/02/2010 | Books | 04/12/2024 | ||||
| Dewey Decimal Classification | MEDICAL | SGT Medical Library | SGT Medical Library | Text Book | 27/02/2010 | U.B.S. DELHI | 125.00 | SGTU | 1008 | 612.015 O08M | FM3621 | 09/02/2015 | 27/02/2010 | Books |